Best football club in each country in 2025! - Statistics

General Stats
  • This quiz has been taken 105 times
  • The average score is 6 of 7
Answer Stats
Country Club % Correct
England Liverpool
98%
Germany Bayern Munich
96%
France PSG
91%
Turkey Galatasaray
86%
Spain Atletico Madrid
82%
Netherlands PSV
74%
Italy Napoli
71%
No matching quizzes found
Score Distribution
Percent of People with Each Score
Percentile by Number Answered
Your Score History
You have not taken this quiz